Normal view
MARC view
Entry Topical Term
001 - CONTROL NUMBER
- control field: 25141
003 - CONTROL NUMBER IDENTIFIER
- control field: dpl
005 - DATE AND TIME OF LATEST TRANSACTION
- control field: 20101229124655.0
008 - FIXED-LENGTH DATA ELEMENTS
- fixed length control field: 101229|||a|||||| | ||| d
040 ## - CATALOGING SOURCE
- Original cataloging agency: dpl
- Transcribing agency: dpl
150 ## - HEADING--TOPICAL TERM
- Topical term or geographic name as entry element: Data Mining
670 ## - SOURCE DATA FOUND
- Source citation: Work cat.: (dpl)40957: Baby Deepa, V. 25140, Data mining and data warehousing /, 2009
670 ## - SOURCE DATA FOUND
- Source citation: Work cat.: (dpl)40957: Baby Deepa, V. 25140, Data mining and data warehousing /, 2009
